Modelling methods for policy analysis in miombo woodlands (Record no. 51385)

MARC details
000 -LEADER
fixed length control field 00618nam a2200169 a 4500
008 - FIXED-LENGTH DATA ELEMENTS--GENERAL INFORMATION
fixed length control field 110719s2001 ||||||||||||||||| || u
022 ## - INTERNATIONAL STANDARD SERIAL NUMBER
International Standard Serial Number 0854-9818
050 ## - LIBRARY OF CONGRESS CALL NUMBER
Classification number CIFOR(08)OP/35
110 ## - MAIN ENTRY--CORPORATE NAME
Corporate name or jurisdiction name as entry element Center for International Forestry Research (CIFOR)
245 10 - TITLE STATEMENT
Title Modelling methods for policy analysis in miombo woodlands
260 ## - PUBLICATION, DISTRIBUTION, ETC.
Place of publication, distribution, etc. Indonesia:
Name of publisher, distributor, etc. CIFOR
Date of publication, distribution, etc. 2001
300 ## - PHYSICAL DESCRIPTION
Extent 30P.: ill
350 ## - PRICE (NR) (BK AM CF MU VM SE) [OBSOLETE]
Price 0.00
650 ## - SUBJECT ADDED ENTRY--TOPICAL TERM
Topical term or geographic name entry element FORESTRY
650 ## - SUBJECT ADDED ENTRY--TOPICAL TERM
Topical term or geographic name entry element FOREST CONSERVATION--AFRICA
995 ## - RECOMMENDATION 995 [LOCAL, UNIMARC FRANCE]
-- CBU-MAIN LIBRARY (Kitwe)
-- 0.00
-- 1
-- AVAILABLE
-- Jul 16, 2013
-- International Publications
Holdings
Withdrawn status Lost status Source of classification or shelving scheme Damaged status Not for loan Home library Current library Shelving location Date acquired Total Checkouts Full call number Barcode Date last seen Price effective from Koha item type
          CBU-MAIN LIBRARY, KITWE. CBU-MAIN LIBRARY, KITWE.   11/30/2022   CIFOR(08)OP/35 742438 11/30/2022 11/30/2022 MONOGRAPH